000 00616nam a2200229Ia 4500
005 20250508164514.0
008 008 250505s9999 xx 000 0 eng d
020 _a0-19-563236-2
037 _aTextual
040 _aFEDL
_beng
_cFEDL
041 _aeng
_2eng
084 _a362.1, ROH
_qFEDL
100 _aRohde Jon and others Ed.
_9262991
245 0 _aReaching health for all
260 _aDelhi, India
_bOxford University Press
_c1993
300 _axv,524p.
365 _aINR
_b150
546 _aMACESE
650 _aHealth care
942 _cTEXL
_h362.1, ROH
999 _c1389471
_d1389471